| 000 | 01740nam a2200277Ia 4500 | ||
|---|---|---|---|
| 999 |
_c36153 _d36153 |
||
| 001 | |||
| 003 | GE_BSU | ||
| 005 | 20221102120159.0 | ||
| 008 | 181216s2009 ge |||||||||||||| ||und|| | ||
| 020 | _a9789941409585 | ||
| 040 | _cGE_BSU | ||
| 041 | _ageo | ||
| 080 | _a340.122(075.8) გ-69 | ||
| 100 |
_aგორგოშაძე, მურმან _9218 |
||
| 245 |
_aსამართლის ფილოსოფიის საკითხები / _cმურმან გორგოშაძე; რედ. გურამ ნაჭყებია; შოთა რუსთაველის სახ.უნ–ტი. სოციალურ მეცნ. ბიზნესისა და სამართალმცოდნ.ფაკ–ტი იურიდიულ მეცნ. დეპარტამენტი. |
||
| 264 |
_aბათუმი: _bშოთა რუსთაველის სახ. უნ–ტი, _c2009. |
||
| 300 |
_a151 გვ. ; _b18 სმ. |
||
| 504 | _aბიბლიოგრ. ტექსტ. შენიშვნ. და გვ. 142-148. | ||
| 520 | _a რეზ. ინგლ. | ||
| 541 | _h7 ლ. | ||
| 653 | _aსამართლის ფილოსოფიის საკითხები. | ||
| 653 | _aსამართალი | ||
| 700 |
_aნაჭყებია, გურამ _eრედაქტორი _9219 |
||
| 710 |
_aშოთა რუსთაველის სახ.უნ–ტი. _bსოციალურ მეცნ. ბიზნესისა და სამართალმცოდნ.ფაკ–ტი იურიდიულ მეცნ. დეპარტამენტი _9220 |
||
| 942 |
_cBK _2udc |
||